কুরআন-হাদীসের আলোকে মুসলিম পুরুষ ও মহিলাদের করণীয়-বর্জনীয় / (Record no. 13820)
[ view plain ]
| 000 -LEADER | |
|---|---|
| fixed length control field | 00805nam a2200217 a 4500 |
| 001 - CONTROL NUMBER | |
| JCCL Control Number | 13820 |
| 003 - CONTROL NUMBER IDENTIFIER | |
| JCCL marc code | BD-JhCC |
| 005 - DATE AND TIME OF LATEST TRANSACTION | |
| control field | 20240417100108.0 |
| 008 - FIXED-LENGTH DATA ELEMENTS--GENERAL INFORMATION | |
| fixed length control field | 240415b20092010bg |||| ||a| 000 0 ben d |
| 035 ## - SYSTEM CONTROL NUMBER | |
| system control number | (BD-JhCC)13820 |
| 040 ## - CATALOGING SOURCE | |
| Original cataloging agency | BD-JhCC |
| Modifying agency | BD-JhCC |
| 041 ## - LANGUAGE CODE | |
| Language code of Book | Bengali |
| 082 ## - DEWEY DECIMAL CLASSIFICATION NUMBER | |
| Classification number | 297.01 |
| Author mark and Year | MOS 2010 |
| 100 ## - MAIN ENTRY--PERSONAL NAME | |
| Personal name | মোশাররফ,ড.ইঞ্জিনিয়ার |
| 245 ## - TITLE STATEMENT | |
| Title | কুরআন-হাদীসের আলোকে মুসলিম পুরুষ ও মহিলাদের করণীয়-বর্জনীয় / |
| Statement of responsibility, etc | ড.ইঞ্জিনিয়ার মোশাররফ । |
| 260 ## - PUBLICATION, DISTRIBUTION, ETC. (IMPRINT) | |
| Place of publication, distribution, etc | ঢাকা: |
| Name of publisher, distributor, etc | মাহির প্রিন্টার্স; |
| Date of publication, distribution, etc | 2010. |
| 300 ## - PHYSICAL DESCRIPTION | |
| Pagination | 368 p. : |
| Dimensions | 22 cm. |
| 650 ## - SUBJECT ADDED ENTRY--TOPICAL TERM | |
| Topical term or geographic name as entry element | Islam |
| 942 ## - ADDED ENTRY ELEMENTS (KOHA) | |
| Source of classification or shelving scheme | Dewey Decimal Classification |
| Koha item type | Books |
| Source of classification or shelving scheme | Damaged status | Not for loan | Home library | Current library | Shelving location | Date of accession | Source of acquisition | Total Checkouts | Full call number | Barcode | Date last seen | Copy number | Method of acquisition | Koha item type | Currency |
|---|---|---|---|---|---|---|---|---|---|---|---|---|---|---|---|
| Dewey Decimal Classification | JCC Rouf Library | JCC Rouf Library | General Stacks | With The Compliments Of 7th Intake | 297.01 MOS 2010 | 19206 | 04/17/2024 | C-1 | Gift/Donation | Books | BDT |